Investment opportunities in Korea

সংরক্ষণ করুন:
গ্রন্থ-পঞ্জীর বিবরন
বিন্যাস: গ্রন্থ
ভাষা:Undetermined
প্রকাশিত: Korea Economic Planning Board 1972
বিষয়গুলি:
ট্যাগগুলো: ট্যাগ যুক্ত করুন
কোনো ট্যাগ নেই, প্রথমজন হিসাবে ট্যাগ করুন!
Thư viện lưu trữ: Trung tâm Học liệu Trường Đại học Cần Thơ
LEADER 00508nam a2200181Ia 4500
001 CTU_89992
008 210402s9999 xx 000 0 und d
082 |a 332.6 
082 |b I.62 
245 0 |a Investment opportunities in Korea 
260 |a Korea 
260 |b Economic Planning Board 
260 |c 1972 
650 |a Investments, foreign,Korea (south) 
650 |x Economic conditions 
650 |z Korea (south) 
904 |i Mai Loan,Hải 
980 |a Trung tâm Học liệu Trường Đại học Cần Thơ